| 000 | 00370nam a22001217a 4500 | ||
|---|---|---|---|
| 082 | _aTHE 200 | ||
| 100 |
_aQURAT UL AIN, _91394 |
||
| 245 | _aTH-SOF-0711-EMPIRICAL ANALYSIS OF QUALITY ASSURANCE IN CMMI LEVEL 2 FOR COMPLIANCE | ||
| 260 |
_aNUST COLLEGE OF EME _bISLAMABAD _c2001 |
||
| 650 |
_a MS-CSE-9 MSTHESIS _972743 |
||
| 700 |
_aDR SHOAB A KHAN _918474 |
||
| 942 | _cCF | ||
| 999 |
_c578728 _d578728 |
||